000 00495nam a22001817a 4500
003 CEME
005 20210628210731.0
008 210212b xxu||||| |||| 00| 0 eng d
020 _a0-8273-4920-3
040 _c.
082 _a621.314 MOT
100 _aAvo training institute
_980756
245 _aMotors, generators and transformers
260 _aALBANY
_bDELMAR PUBLISHERS
_c1995
300 _a489P
650 _aAC GENERATORS AC MOTORS DC MACHINES TRANSFORMERS
_980757
942 _cBK
_2ddc
999 _c585645
_d585645